000 00574nam a2200229Ia 4500
003 OSt
005 20220918193407.0
006 a|||||r|||| 00| 0
007 ta
008 220917b |||||||| |||| 00| 0 eng d
024 _a72,937
037 _cTextual
040 _aARTS
_cARTS
_beng
041 _2eng
_aeng
082 _aR5z7, J9
100 _aWeitz Morris
245 0 _aProblems in aesthetics
_b an introductory book of readings
260 _c1959
650 _aAESTHETICS
942 _hR5z7, J9
_cTEXL
_2CC
999 _c198878
_d198878